000 00677nam a2200193Ia 4500
003 GCL
008 140319s9999 xx 000 0 ara d
040 _aGCL /
_cGCL
082 0 4 _a214
_bح م
100 1 _aحسن حسن منصور
245 1 0 _aمنهج الاسلام في حماية الشباب /
_cحسن حسن منصور
260 _aالقاهرة :
_bالمجلس الاعلى الشئون الاسلامية ،
_c1998
300 _aمتعدد ؛
_c17 سم
490 _aقضايا اسلامية
_v38
650 0 4 _aالاسلام
650 0 4 _aالاخلاق الاسلامية
650 0 4 _aالاسلام والاصلاح الاجتماعى
942 _2ddc
_cBK
999 _c2834
_d2834